00723nam a22001937a 4500999001900000005001700019010001500036020002900051035001400080037001300094082001000107245010200117260004200219270007300261300002500334700002300359942002400382952012300406 c157701d15770120180926120512.0 aENG-124059 c750.00 a9788183877756 aEN-107591 bDBAD/PUB a891.4 aDalit literature a pedagogic discourse:ced.by D. Murali Manohar b(in honour of prof.M. Sridhar) bSerials PublicationsaNew Delhic2016 a4830/24, Prahlad Street, Ansari Road, Darya Ganj,bNew Delhie110002 axiv,181pc21cm.(Hb.) aD. Murali Manohar  2ddccENmDALh891.4 001040718NFICaDBADbZLSd2018-09-26eDBAD/PUBg750.00l0o891.4 DALpEN-107591r2018-09-26 00:00:00t1v750.00yEN